000 04659cam a22008775i 4500
001 data
005 20260322212121.0
008 data
035 _a20643684
906 _a0
_bibc
_ccopycat
_d2
_encip
_f20
_gy-gencatlg
925 0 _aacquire
_b1 shelf copies
_xpolicy default
010 _a 2017278625
020 _a1328745732
_q(paperback)
020 _a9781328745736
_q(paperback)
035 _a(OCoLC)967067693
037 _bHoughton Mifflin Harcourt, 6277 Sea Harbor Dr 5th Fl, Orlando, FL, USA, 32887, (617)3515539
_nSAN 215-3793
040 _aYDX
_beng
_cYDX
_erda
_dDLC
_dBDX
_dWIM
_dJNE
_dOCLCF
_dGKX
_dT3B
_dDAD
_dKYC
_dOCLCQ
_dOCLCO
_dKK2
_dQQ3
_dOCLCQ
_dOCLCO
_dDLC
042 _alccopycat
082 0 4 _a910.4
_223
097 0 0 _aPS648.T73
_bB47 2017
245 0 4 _aThe best American travel writing 2017 /
_cedited with an introduction by Lauren Collins ; Jason Wilson, series editor.
264 1 _aBoston :
_bHoughton Mifflin Harcourt,
_c2017.
264 4 _c©2017
300 _axxi, 295 pages ;
_c21 cm.
336 _atext
_btxt
_2rdacontent
337 _aunmediated
_bn
_2rdamedia
338 _avolume
_bnc
_2rdacarrier
490 1 _aThe best American series,
_x1530-1516
500 _a"A Mariner original."
500 _aReprinted from various periodicals.
505 0 0 _tThe currency of moons /
_rKim Wyatt.
_tMy Holy Land vacation /
_rTom Bissell --
_tChiefing in Cherokee /
_rStephanie Elizondo Griest --
_tCliffhanger /
_rPeter Frick-Wright --
_tThe ones who left /
_rJackie Hedeman --
_tThe big leap /
_rLeslie Jamison --
_tRefugees hear a foreign word: welcome /
_rJodi Kantor and Catrin Einhorn --
_tFinding the forgotten /
_rRandall Kenan --
_tWaiting on a whale at the end of the world /
_rSaki Knafo --
_tPlum crazy /
_rGwendolyn Knapp --
_tLand of the lost /
_rDavid Kushner --
_tOn the road /
_rGideon Lewis-Kraus --
_tThe secrets of the wood wide web /
_rRobert Macfarlane --
_tVolunteering for the harvest /
_rAnn Mah --
_tThe away team /
_rAlexis Okeowo --
_tA palpable history /
_rTim Parks --
_tEva, she kill her one daughter /
_rShelley Puhak --
_tOne person means alone /
_rElizabeth Lindsey Rogers --
_tCitizen Khan /
_rKathryn Schulz --
_tNo amount of traffic or Instagrammers or drunks can take the magic out of (semi- ) wilderness /
_rWells Tower --
_tMy father's house /
_rReggie Ugwu --
_tThe currency of moons /
_rKim Wyatt.
520 _aPresents an anthology of the best travel writing published in 2017, selected from magazines, newspapers, and web sites.
650 0 _aTravel writing.
650 0 _aTravel
_vExcerpts.
_vExcerpts.
650 0 _aTravelers' writings, American.
650 0 _aVoyages and travels
_vAnecdotes.
650 7 _aTravel.
_2fast
_0(OCoLC)fst01155558
650 7 _aTravel writing.
_2fast
_0(OCoLC)fst01155681
650 7 _aTravelers' writings, American.
_2fast
_0(OCoLC)fst01155721
650 7 _aVoyages and travels.
_2fast
_0(OCoLC)fst01169308
655 4 _aAnecdotes.
655 4 _aTravel writing.
655 7 _aAnecdotes.
_2fast
_0(OCoLC)fst01423876
655 7 _aTravel writing.
_2fast
_0(OCoLC)fst01919983
655 7 _aAnecdotes.
_2lcgft
655 7 _aTravel writing.
_2lcgft
655 7 _aExcerpts.
_2lcgft
_0https://id.loc.gov/authorities/genreForms/gf2014026097
700 1 _aCollins, Lauren
_c(Journalist),
_eeditor.
700 1 _aWilson, Jason
_c(Writer on food and travel),
_eeditor.
700 1 _aBatuman, Elif,
_d1977-
_econtributor.
700 1 _aBissell, Tom,
_d1974-
_econtributor.
700 1 _aElizondo Griest, Stephanie,
_d1974-
_econtributor.
700 1 _aFrick-Wright, Peter,
_econtributor.
700 1 _aHedeman, Jackie,
_econtributor.
700 1 _aJamison, Leslie,
_d1983-
_econtributor.
700 1 _aKantor, Jodi,
_d1975-
_econtributor.
700 1 _aEinhorn, Catrin,
_econtributor.
700 1 _aKenan, Randall,
_econtributor.
700 1 _aKnafo, Saki,
_econtributor.
700 1 _aKnapp, Gwendolyn,
_d1981-
_econtributor.
700 1 _aKushner, David,
_d1968-
_econtributor.
700 1 _aLewis-Kraus, Gideon,
_econtributor.
700 1 _aMacfarlane, Robert,
_d1976-
700 1 _aMah, Ann,
_econtributor.
700 1 _aOkeowo, Alexis,
_econtributor.
700 1 _aParks, Tim,
_econtributor.
700 1 _aPuhak, Shelley,
_econtributor.
700 1 _aRogers, Elizabeth Lindsey,
_d1985-
_econtributor.
700 1 _aSchulz, Kathryn,
_econtributor.
700 1 _aTower, Wells,
_d1973-
_econtributor.
700 1 _aUgwu, Reggie,
_econtributor.
700 1 _aWyatt, Kim,
_econtributor.
830 0 _aBest American series.
999 _c1856
_d1856